[Event "Women's Speed Chess Q6"]
[Site "chess.com INT"]
[Date "2021.06.05"]
[Round "4"]
[White "Sliwicka, Alicja"]
[Black "Perez Rodriguez, Jennifer"]
[Result "0-1"]
[WhiteTitle "WIM"]
[BlackTitle "WIM"]
[WhiteElo "2308"]
[BlackElo "2251"]
[WhiteFideId "1150677"]
[BlackFideId "3507831"]
[EventDate "2021.06.05"]

1. e4 e5 2. Nf3 Nc6 3. Nc3 Nf6 4. a3 d5 5. Bb5 dxe4 6. Nxe5 Qd6 7. d4 exd3 8.
Nxd3 Qe6+ 9. Be3 Bd6 10. O-O O-O 11. Bf4 Nd4 12. Bxd6 Qxd6 13. Qd2 Nxb5 14. Nxb5
Qb6 15. Nc3 Be6 16. Rfe1 Rad8 17. Qe3 Qxe3 18. Rxe3 Rfe8 19. Rae1 Kf8 20. Nc5
Bc8 21. Rxe8+ Rxe8 22. Rxe8+ Kxe8 23. Kf1 Ke7 24. Ke2 Kd6 25. Nd3 a6 26. f3 c5
27. b4 cxb4 28. axb4 Bf5 29. g4 Bxd3+ 30. Kxd3 Nd5 31. Ne4+ Ke5 32. c3 Kf4 33.
Kd4 Nc7 34. Nd2 Nb5+ 35. Kd3 Nc7 36. c4 b5 37. c5 Nd5 38. Ke2 Nxb4 39. Nb3 Nc6
40. Kf2 Ke5 41. Ke3 Kd5 42. f4 a5 43. Kd3 a4 44. Nd2 Kxc5 45. Ne4+ Kd5 46. Nc3+
Kc5 47. Ne4+ Kb4 48. Nd6 f6 49. Kc2 Nd4+ 50. Kb2 a3+ 51. Ka2 Ne2 52. f5 Nc3+ 53.
Ka1 Kb3 54. Nb7 b4 55. Nc5+ Kc4 56. Nd7 b3 57. Nb6+ Kb5 58. Na4 Kxa4 0-1

[Event "Women's Speed Chess Q6"]
[Site "chess.com INT"]
[Date "2021.06.05"]
[Round "4"]
[White "Bommini, Mounika Akshaya"]
[Black "Grigoryan, Meri"]
[Result "1-0"]
[WhiteTitle "WFM"]
[BlackTitle "WFM"]
[WhiteElo "2029"]
[BlackElo "2044"]
[WhiteFideId "25019872"]
[BlackFideId "13300571"]
[EventDate "2021.06.05"]

1. d4 d5 2. Bf4 Nf6 3. e3 e6 4. Nc3 Bd6 5. Bg3 Bxg3 6. hxg3 Nbd7 7. Bd3 c5 8.
Nf3 cxd4 9. exd4 Qb6 10. Rb1 h6 11. Qe2 a6 12. g4 Nxg4 13. Nxd5 Qa5+ 14. Nc3
Ngf6 15. O-O Qh5 16. Rfe1 O-O 17. Ne4 Ng4 18. Ng3 Qa5 19. Nd2 Ngf6 20. Nc4 Qc7
21. Ne5 b5 22. c3 Bb7 23. Nh5 Nxh5 24. Qxh5 Nf6 25. Qh3 Nd7 26. Ng4 Qc6 27. Re3
f5 28. Ne5 Nxe5 29. dxe5 Rad8 30. Rbe1 Rf7 31. Rg3 Kf8 32. Rg6 Rfd7 33. Bxf5
Qxg2+ 34. Rxg2 Bxg2 35. Qxg2 exf5 36. e6 Re7 37. Qg6 Rde8 38. Qxf5+ Kg8 39. Re2
Rf8 40. Qd5 Rf6 41. Qd6 Re8 42. Qd7 Rff8 43. e7 Kh7 44. exf8=Q Rxf8 45. Qd3+ Kg8
46. Re7 Rf6 47. Qd8+ Kh7 48. Re8 Rg6+ 49. Kf1 Rf6 50. Re7 Kg6 51. Ra7 Re6 52.
Qd7 Kf5 53. Qxg7 Rd6 54. Qf7+ Ke5 55. Rd7 Rxd7 56. Qxd7 1-0

[Event "Women's Speed Chess Q6"]
[Site "chess.com INT"]
[Date "2021.06.05"]
[Round "4"]
[White "Vantika, Agrawal"]
[Black "Fronda, Jan Jodilyn"]
[Result "1-0"]
[WhiteTitle "WIM"]
[BlackTitle "WIM"]
[WhiteElo "2286"]
[BlackElo "2152"]
[WhiteFideId "25050389"]
[BlackFideId "5204585"]
[EventDate "2021.06.05"]

1. d4 Nf6 2. Nf3 d5 3. e3 c5 4. c3 Nc6 5. Bd3 Bg4 6. Nbd2 cxd4 7. exd4 e6 8. h3
Bh5 9. O-O Bd6 10. Re1 O-O 11. a4 Rc8 12. Be2 Ne4 13. Nxe4 dxe4 14. Ng5 Bg6 15.
Bh5 Bc7 16. Bxg6 hxg6 17. Qg4 Re8 18. Qh4 Qf6 19. Qh7+ Kf8 20. Nxe4 Qf5 21. Bg5
f6 22. g4 Qd5 23. Bh6 Ke7 24. Qxg7+ Kd8 25. Nxf6 Qd6 26. Nxe8 Qh2+ 27. Kf1 Qh1+
28. Ke2 Qe4+ 29. Kd2 Bf4+ 30. Bxf4 Qxf4+ 31. Kd3 Qf3+ 32. Re3 Qd5 33. Nf6 Qd6
34. Qg8+ Kc7 35. Qxe6 Qxe6 36. Rxe6 Rd8 37. Rae1 Kb6 38. Kc2 a6 39. d5 Ka7 40.
dxc6 bxc6 41. Rxc6 Kb7 42. Ree6 Rf8 43. Rb6+ Kc7 44. Rxa6 Rxf6 45. Rxf6 Kb7 46.
Rxg6 Kc7 47. Raf6 Kd7 48. Rf7+ Ke8 49. Ra7 Kf8 50. Rb6 1-0

[Event "Women's Speed Chess Q6"]
[Site "chess.com INT"]
[Date "2021.06.05"]
[Round "4"]
[White "Linares Napoles, Oleiny"]
[Black "Socko, Monika"]
[Result "0-1"]
[WhiteTitle "WGM"]
[BlackTitle "GM"]
[WhiteElo "2255"]
[BlackElo "2393"]
[WhiteFideId "3504794"]
[BlackFideId "1106619"]
[EventDate "2021.06.05"]

1. d4 Nf6 2. Bf4 g6 3. Nc3 Bg7 4. e4 d6 5. Qd2 Nbd7 6. O-O-O c5 7. dxc5 Nxc5 8.
f3 Nfd7 9. Nge2 Qa5 10. Kb1 Ne5 11. Nd4 Bd7 12. Bh6 Bxh6 13. Qxh6 O-O-O 14. Qe3
Kb8 15. Be2 Rc8 16. Nd5 e6 17. Nc3 Rhd8 18. f4 Nc6 19. Nxc6+ Bxc6 20. Bf3 Na4
21. Nxa4 Qxa4 22. Rd4 Qa5 23. Rhd1 e5 24. Rxd6 Rxd6 25. Rxd6 exf4 26. Qxf4 Qc7
27. Qd2 a6 28. b3 Re8 29. Qd4 Qe7 30. Kb2 h5 31. a4 Qg5 32. h3 Qe7 33. a5 Qc7
34. Qb4 Rc8 35. Rd2 Qe5+ 36. Qd4 Qxa5 37. Qd6+ Ka8 38. Qd4 Qc7 39. Rd3 Qe7 40.
Rc3 Re8 41. Rc4 Qe5 42. Qxe5 Rxe5 43. Kc3 Kb8 44. Kd4 f6 45. Rc5 Re7 46. Rc3
Rd7+ 47. Ke3 Rd6 48. h4 Kc7 49. g4 hxg4 50. Bxg4 Kb6 51. Bf3 Re6 52. Kf4 Re5 53.
Rd3 Kc5 54. c3 a5 55. Rd4 b5 0-1

[Event "Women's Speed Chess Q6"]
[Site "chess.com INT"]
[Date "2021.06.05"]
[Round "4"]
[White "Kubicka, Anna"]
[Black "Grineva, Marianna"]
[Result "1-0"]
[WhiteTitle "WIM"]
[BlackTitle "WFM"]
[WhiteElo "2210"]
[BlackElo "2029"]
[WhiteFideId "1152254"]
[BlackFideId "14102013"]
[EventDate "2021.06.05"]

1. e4 c5 2. Ne2 d6 3. g3 g6 4. Bg2 Bg7 5. O-O Nc6 6. c3 Nf6 7. d4 cxd4 8. cxd4
O-O 9. Nbc3 e5 10. d5 Na5 11. b3 Bd7 12. Ba3 Qb6 13. Rc1 Rac8 14. Qd3 a6 15. Rc2
Bh6 16. h3 Bb5 17. Nxb5 axb5 18. Kh2 b4 19. Bb2 Nd7 20. f4 Rc5 21. Rxc5 Qxc5 22.
fxe5 Nxe5 23. Bxe5 dxe5 24. Ng1 b6 25. Nf3 f6 26. d6 Nb7 27. d7 Rd8 28. Rd1 Bf8
29. h4 Nd6 30. Rd2 Rxd7 31. Bh3 Rc7 32. h5 Kg7 33. hxg6 hxg6 34. Nh4 Qc3 35. Qe2
Nb5 36. Nxg6 Kxg6 37. Qg4+ Kf7 38. Qh5+ Kg7 39. Rf2 Qd4 40. Qg4+ Kf7 41. Qe6+
Kg7 42. Qxf6+ Kh7 43. Bf5+ Kg8 44. Be6+ Kh7 45. Qxf8 Rc2 46. Bg8+ Kh8 47. Bc4+
Kh7 48. Rxc2 Qxe4 49. Qf7+ Kh6 50. Rf2 Qg6 51. Qf8+ Kg5 52. Qe7+ Kh6 53. Rf6 Nd4
54. Rxg6+ Kxg6 55. Qd6+ Kf5 56. Bd3+ e4 57. Qxd4 exd3 58. Qxd3+ Ke5 59. Qc4 b5
60. Qxb5+ Kd4 61. Qxb4+ Kd3 62. g4 Kc2 63. g5 Kb2 64. Qd2+ 1-0

[Event "Women's Speed Chess Q6"]
[Site "chess.com INT"]
[Date "2021.06.05"]
[Round "4"]
[White "Soumya, Swaminathan"]
[Black "Klinova, Masha"]
[Result "1-0"]
[WhiteTitle "IM"]
[BlackTitle "IM"]
[WhiteElo "2351"]
[BlackElo "2275"]
[WhiteFideId "5016193"]
[BlackFideId "2802015"]
[EventDate "2021.06.05"]

1. d4 d6 2. e4 Nf6 3. Nc3 e5 4. dxe5 dxe5 5. Qxd8+ Kxd8 6. Bc4 Ke8 7. Bg5 c6 8.
O-O-O Nbd7 9. Nge2 Bc5 10. Rhf1 h6 11. Bh4 b5 12. Bd3 g5 13. Bg3 Ke7 14. h4 a5
15. Kb1 a4 16. a3 Nh5 17. Bh2 Nf4 18. Nxf4 gxf4 19. Be2 b4 20. axb4 Bxb4 21. Na2
Bd6 22. g3 Nc5 23. f3 Ne6 24. gxf4 Nxf4 25. Bc4 Be6 26. Bxe6 Nxe6 27. Rxd6 Kxd6
28. Rd1+ Ke7 29. Bxe5 Rhd8 30. Rf1 f6 31. Bc3 Rg8 32. Bb4+ Kf7 33. Bd2 Rad8 34.
Bxh6 Rg2 35. Nc3 Rh8 36. Be3 Rxh4 37. Nxa4 Rhh2 38. Rc1 Nc7 39. Nc5 Nb5 40. Nd3
Nd6 41. Bf4 Nc4 42. Bxh2 Rxh2 43. b3 Nd2+ 44. Kb2 Nxf3 45. Rf1 Nd4 46. e5 Rxc2+
47. Kb1 Rd2 48. Rxf6+ Ke7 49. Nf4 Nxb3 50. Ng6+ Kd7 51. e6+ Kc7 52. Rf7+ Kb6 53.
e7 Re2 54. Rf8 Nd2+ 55. Kc1 Nb3+ 56. Kd1 Rd2+ 57. Ke1 1-0

[Event "Women's Speed Chess Q6"]
[Site "chess.com INT"]
[Date "2021.06.05"]
[Round "4"]
[White "Kairbekova, Amina"]
[Black "Balabayeva, Xeniya"]
[Result "0-1"]
[WhiteTitle "WFM"]
[BlackTitle "WFM"]
[WhiteElo "2132"]
[BlackElo "2116"]
[WhiteFideId "13712799"]
[BlackFideId "13719688"]
[EventDate "2021.06.05"]

1. e4 c6 2. d4 d5 3. e5 c5 4. dxc5 Nc6 5. f4 e6 6. Be3 d4 7. Bf2 Bxc5 8. Nd2
Nge7 9. a3 O-O 10. Bd3 Nd5 11. Qh5 g6 12. Qh6 f5 13. b4 Be7 14. Ngf3 a6 15. h4
Ne3 16. h5 Ng4 17. Qxf8+ Qxf8 18. hxg6 hxg6 19. Bxd4 Nxd4 20. Nxd4 Bd7 21. N2f3
Rc8 22. Kd2 Qf7 23. c3 Bc6 24. Nh4 Bxh4 25. Rxh4 Bxg2 26. Rg1 Bd5 27. Be2 Be4
28. Bxg4 fxg4 29. Rhxg4 Kg7 30. R1g3 Bf5 31. Rg5 Rd8 32. Ke3 Rc8 33. Kf2 Qe8 34.
Kg2 Qf7 35. Kf2 Rh8 36. Ke3 Rh2 37. Rg1 Rh3+ 38. Kd2 Qc7 39. Nxf5+ exf5 40.
Rxg6+ Kh7 41. R1g3 Rxg3 42. Rxg3 Qc6 43. Rh3+ Kg6 44. Rg3+ Kf7 45. Rd3 Qe4 46.
Rd4 Qf3 47. Kc2 Ke6 48. Kb3 Qf2 49. Rd6+ Ke7 50. Rd4 Qe2 51. a4 b5 52. axb5 axb5
53. Rd5 Qc4+ 0-1

[Event "Women's Speed Chess Q6"]
[Site "chess.com INT"]
[Date "2021.06.05"]
[Round "4"]
[White "Dauletova, Gulmira"]
[Black "Mohota, Nisha"]
[Result "1/2-1/2"]
[WhiteTitle "WGM"]
[BlackTitle "IM"]
[WhiteElo "2257"]
[BlackElo "2195"]
[WhiteFideId "13702971"]
[BlackFideId "5004330"]
[EventDate "2021.06.05"]

1. e4 Nf6 2. e5 Nd5 3. d4 d6 4. c4 Nb6 5. exd6 cxd6 6. Nc3 g6 7. Be3 Bg7 8. Rc1
O-O 9. b3 Bf5 10. g4 Bc8 11. Bg2 Nc6 12. d5 Ne5 13. h3 f5 14. f4 Nf7 15. g5 Re8
16. Nge2 e5 17. dxe6 Rxe6 18. Qd2 Rb8 19. Kf2 Bd7 20. Nd4 Re8 21. h4 h5 22. Rhe1
a6 23. a4 Na8 24. Nd5 Nc7 25. Nb6 Ne6 26. Nxd7 Qxd7 27. Nxe6 Rxe6 28. Bd5 Re7
29. Bb6 Rbe8 30. Rxe7 Rxe7 31. Re1 Kf8 32. Rxe7 Qxe7 33. Qe3 Nd8 34. a5 Qxe3+
35. Kxe3 Nc6 36. Bxc6 bxc6 37. Bd4 Bxd4+ 38. Kxd4 Ke7 39. c5 Kd7 40. b4 Kc7 41.
Kc4 Kd7 42. Kd4 Kc7 43. Kc4 Kd7 44. Kd3 Kc7 45. Kd4 Kd7 46. cxd6 Kxd6 47. Kc4
Kd7 48. Kc5 Kc7 49. Kc4 Kd6 50. Kd4 Kd7 51. Ke5 Ke7 52. Kd4 Kd6 53. Kc4 Kd7 54.
Kc5 Kc7 55. Kc4 Kd6 56. Kd4 Kd7 57. Ke5 Ke7 58. Kd4 Kd6 1/2-1/2

[Event "Women's Speed Chess Q6"]
[Site "chess.com INT"]
[Date "2021.06.05"]
[Round "4"]
[White "Vo, Thi Kim Phung"]
[Black "Tarasova, Viktoriya"]
[Result "1-0"]
[WhiteTitle "WGM"]
[BlackTitle "WIM"]
[WhiteElo "2335"]
[BlackElo "2226"]
[WhiteFideId "12401838"]
[BlackFideId "4175840"]
[EventDate "2021.06.05"]

1. d4 Nf6 2. c4 e6 3. Nc3 Bb4 4. Qc2 b6 5. e4 c5 6. a3 Bxc3+ 7. bxc3 d6 8. e5
Nfd7 9. Qe4 d5 10. cxd5 Bb7 11. Qg4 exd5 12. Qxg7 Rf8 13. Bh6 cxd4 14. cxd4 Qc7
15. Rc1 Nc6 16. Qg5 Rh8 17. Nf3 Qd8 18. Qg7 Rf8 19. Qxh7 Qe7 20. Bxf8 Nxf8 21.
Qf5 Qxa3 22. Qc2 Rc8 23. Qc3 Qe7 24. Qb2 Ne6 25. Bb5 Nf4 26. O-O a6 27. Bxc6+
Bxc6 28. Qd2 Ne6 29. Rc2 Rc7 30. Rfc1 Bb5 31. Rxc7 Nxc7 32. Qc3 Bc4 33. Rb1 Nb5
34. Qe3 Qc7 35. Nd2 Ba2 36. Re1 Qc3 37. Qxc3 Nxc3 38. h4 b5 39. h5 Kf8 40. h6
Kg8 41. e6 fxe6 42. Rxe6 b4 43. Rxa6 b3 44. Rb6 Ne2+ 45. Kh2 Nxd4 46. g4 Ne2 47.
g5 Nf4 48. Nxb3 Bxb3 49. Rxb3 d4 50. Rb4 Ne6 51. f4 Nxf4 52. Rxd4 Ne6 53. Rd5
Kh7 54. Kg3 Kg6 55. Kg4 Nf8 56. Rd6+ Kh7 57. Rf6 Kg8 58. Rxf8+ Kxf8 59. g6 Kg8
60. Kf5 Kh8 61. Ke6 Kg8 62. h7+ Kh8 63. Ke7 Kg7 64. h8=Q+ Kxh8 65. Kf6 Kg8 66.
g7 Kh7 67. Kf7 Kh6 68. g8=Q Kh5 69. Kf6 Kh4 70. Kf5 Kh3 71. Kf4 Kh2 72. Kf3 Kh1
73. Qg2# 1-0

[Event "Women's Speed Chess Q6"]
[Site "chess.com INT"]
[Date "2021.06.05"]
[Round "4"]
[White "Antolak, Julia"]
[Black "Morris-Suzuki, Sophie"]
[Result "1/2-1/2"]
[WhiteTitle "WIM"]
[BlackTitle "WFM"]
[WhiteElo "2309"]
[BlackElo "2043"]
[WhiteFideId "1159569"]
[BlackFideId "30922615"]
[EventDate "2021.06.05"]

1. e4 c5 2. Nf3 e6 3. d4 cxd4 4. Nxd4 a6 5. Bd3 Qc7 6. O-O Nf6 7. Qe2 d6 8. f4
Nbd7 9. c4 Be7 10. Nc3 O-O 11. b4 b5 12. Bb2 bxc4 13. Bxc4 Qb6 14. Na4 Qxb4 15.
Bb3 Nc5 16. Nc6 Qb7 17. Nxe7+ Qxe7 18. Nxc5 dxc5 19. Rac1 Bb7 20. Rc4 a5 21. e5
Nd5 22. Rc2 Ba6 23. Bc4 Bxc4 24. Rxc4 Nb6 25. Rc3 Na4 26. Rc4 Nb6 27. Rc3 Rfc8
28. Ba3 Nd5 29. Rc4 Qa7 30. Rfc1 Nb6 31. R4c3 c4 32. Kh1 h6 33. h3 Rab8 34. Qe4
Qa6 35. Bd6 Rb7 36. f5 exf5 37. Qxf5 Qb5 38. Rg3 Kh8 39. Qg4 Rg8 40. Qe4 Qd5 41.
Qxd5 Nxd5 42. Rxc4 Rb2 43. a4 Kh7 44. Rc5 Nb6 45. Rxa5 Nc4 46. Rc5 Nxd6 47. exd6
Rd8 48. Rd5 Ra2 49. Rg4 Rd7 50. Rgd4 g6 51. Kh2 Kg7 52. a5 Kf6 53. Rb5 Ke6 54.
Rbd5 Ra3 55. h4 h5 56. g3 Ra2+ 57. Kh3 Ra3 58. Rb5 Rxd6 59. Rxd6+ Kxd6 60. Rb6+
Ke7 61. Rb7+ Kf6 62. Ra7 Ra2 63. a6 Ra3 64. Ra8 Ra2 65. Ra7 Ra3 66. Ra8 Ra2 67.
Ra7 1/2-1/2

[Event "Women's Speed Chess Q6"]
[Site "chess.com INT"]
[Date "2021.06.05"]
[Round "4"]
[White "Chu, Ruotong"]
[Black "Corrales Jimenez, Zenia"]
[Result "1/2-1/2"]
[WhiteTitle "WIM"]
[BlackTitle "WIM"]
[WhiteElo "2207"]
[BlackElo "2189"]
[WhiteFideId "8605653"]
[BlackFideId "3506355"]
[EventDate "2021.06.05"]

1. Nf3 d5 2. g3 Nf6 3. Bg2 e6 4. O-O Be7 5. d4 O-O 6. b3 c5 7. dxc5 Bxc5 8. Bb2
Nc6 9. Nbd2 b6 10. c4 Bb7 11. cxd5 Nxd5 12. Ne4 Be7 13. Nd4 Rc8 14. a3 Nf6 15.
Rc1 Nxd4 16. Nxf6+ Bxf6 17. Bxb7 Rxc1 18. Bxc1 Qc7 19. Be4 Qxc1 20. Qxc1 Nxe2+
21. Kg2 Nxc1 22. Rxc1 Bb2 23. Rc7 Bxa3 24. Rxa7 Bc5 25. Ra4 Rd8 26. b4 Bd4 27.
b5 g6 28. Ra8 Rxa8 29. Bxa8 Kg7 30. Kf3 Kf6 31. Ke2 Ke5 32. f3 Kd6 33. Bc6 h5
34. Kd3 Bg1 35. h3 Bh2 36. g4 h4 37. Ke4 f5+ 38. gxf5 exf5+ 39. Ke3 Ke5 40. Be8
g5 41. Bd7 Bg1+ 42. Ke2 Kf4 43. Kf1 Bd4 44. Ke2 Bc5 45. Bc8 Ke5 46. Bd7 Bd4 47.
Bc8 Bg1 48. Kd3 Bh2 49. Ke2 Kf4 50. Bd7 Bg1 51. Bc8 g4 52. fxg4 fxg4 53. Bxg4
Bc5 54. Kd3 Kg3 55. Kc4 Kf4 56. Kd5 Kg3 57. Kc6 Kf4 58. Bd7 Kg3 59. Kd5 Kf4 60.
Bg4 Kg3 61. Ke4 Kf2 62. Kf4 Be7 63. Kf5 Kg3 64. Ke6 Bc5 65. Kf6 Bf2 66. Kg5 Be3+
67. Kh5 Bf2 68. Kg5 Bc5 69. Kf5 Bg1 70. Kg5 Bc5 71. Kf5 Bd4 72. Ke4 Bc5 73. Kd3
Bg1 1/2-1/2

[Event "Women's Speed Chess Q6"]
[Site "chess.com INT"]
[Date "2021.06.05"]
[Round "4"]
[White "Kotepalli, Sai Nirupama"]
[Black "Dordzhieva, Dinara"]
[Result "1/2-1/2"]
[WhiteTitle "WFM"]
[BlackTitle "WGM"]
[WhiteElo "1914"]
[BlackElo "2311"]
[WhiteFideId "5039444"]
[BlackFideId "24157570"]
[EventDate "2021.06.05"]

1. e4 c5 2. Nf3 d6 3. d3 g6 4. g3 Bg7 5. Bg2 Nc6 6. O-O e5 7. c3 Nge7 8. a3 d5
9. exd5 Nxd5 10. Re1 O-O 11. Nbd2 h6 12. Nc4 Re8 13. Nh4 Be6 14. Ne3 Nde7 15.
Qe2 Qd7 16. Nc2 Rad8 17. Be3 b6 18. Rad1 Nd5 19. Bc1 Kh7 20. Qf1 f5 21. Nf3 Qc7
22. h4 Nf6 23. Nh2 Rd7 24. Rd2 Red8 25. Red1 Bb3 26. Qe2 a5 27. Re1 e4 28. d4
cxd4 29. cxd4 Nxd4 30. Nxd4 Rxd4 31. Rxd4 Rxd4 32. Be3 Rd7 33. Rc1 Qd6 34. Qb5
a4 35. Bf4 Qe6 36. Nf1 Nd5 37. Ne3 Nxf4 38. gxf4 Bxb2 39. Rb1 Bg7 40. h5 Rd2 41.
hxg6+ Qxg6 42. Nxf5 Rd5 43. Rxb3 Rxb5 44. Rxb5 Qg4 45. Ng3 Qxf4 46. Bxe4+ Kg8
47. Rxb6 Qc1+ 48. Kg2 Qc7 49. Rg6 Kf7 50. Nh5 Bd4 51. Rxh6 Qe5 52. Rh7+ Kg8 53.
Bd3 Qg5+ 54. Ng3 Qd5+ 55. Be4 Qa2 56. Rd7 Qxf2+ 57. Kh3 Be5 58. Bd5+ Kh8 59. Nh5
Qe3+ 60. Kg4 Qg5+ 61. Kxg5 Bf6+ 62. Kxf6 1/2-1/2

[Event "Women's Speed Chess Q6"]
[Site "chess.com INT"]
[Date "2021.06.05"]
[Round "4"]
[White "Sukandar, Irine Kharisma"]
[Black "Nurmanova, Alua"]
[Result "0-1"]
[WhiteTitle "IM"]
[BlackTitle "WFM"]
[WhiteElo "2413"]
[BlackElo "2093"]
[WhiteFideId "7101937"]
[BlackFideId "13729390"]
[EventDate "2021.06.05"]

1. e4 c5 2. Nf3 d6 3. d4 cxd4 4. Qxd4 Nc6 5. Bb5 Bd7 6. Bxc6 Bxc6 7. c4 Nf6 8.
Nc3 g6 9. Bg5 Bg7 10. h3 O-O 11. Qe3 Nd7 12. O-O Bf6 13. Bxf6 Nxf6 14. e5 dxe5
15. Nxe5 Rc8 16. Rfe1 Re8 17. Rad1 Qa5 18. Rd2 b6 19. b3 Ba8 20. Red1 Kg7 21.
Nb5 a6 22. Nc3 b5 23. c5 b4 24. Na4 Ne4 25. Nc4 Qb5 26. Ncb6 Nxd2 27. Nxc8 Rxc8
28. Rxd2 Qc6 29. f3 Qf6 30. Qd4 Bc6 31. Qxf6+ Kxf6 32. Nb6 Rc7 33. Rd4 a5 34.
Nc4 Bb5 35. Nxa5 Rxc5 36. Rxb4 Rc1+ 37. Kh2 Bf1 38. Nc4 Re1 39. Nd2 Bd3 40. Rd4
Bf5 41. a4 Ra1 42. Ne4+ Ke5 43. Rc4 Ra2 44. Nc3 Ra3 45. Rb4 Bd3 46. Nb5 Ra2 47.
Nc3 Ra3 48. Kg3 Ra1 49. Nb5 Bf1 50. f4+ Kf6 51. Nd4 Ra2 52. Nf3 Rxg2+ 53. Kh4
Ra2 54. Rb6+ Kg7 55. Ne5 Be2 56. Kg3 Ra3 57. Nf3 Bd1 58. Nd2 Bc2 59. Rb5 h5 60.
a5 Ra1 61. Kf2 Rd1 62. Ke3 Re1+ 63. Kd4 Rd1 64. Kc3 Bf5 65. a6 Bxh3 66. a7 Bg2
67. Ra5 h4 0-1

[Event "Women's Speed Chess Q6"]
[Site "chess.com INT"]
[Date "2021.06.05"]
[Round "5"]
[White "Fernandez, Maria Florencia"]
[Black "Vine, Elzbieta"]
[Result "1-0"]
[WhiteTitle "WIM"]
[BlackTitle "WFM"]
[WhiteElo "2229"]
[BlackElo "2138"]
[WhiteFideId "116459"]
[BlackFideId "1119320"]
[EventDate "2021.06.05"]

1. d4 d5 2. c4 c6 3. Nc3 Nf6 4. Nf3 Bg4 5. Bf4 e6 6. e3 Nbd7 7. h3 Bh5 8. g4 Bg6
9. Be2 h5 10. g5 Ne4 11. h4 f6 12. Nxe4 Bxe4 13. Qd2 a5 14. a3 Rb8 15. Bxb8 Qxb8
16. Qxa5 fxg5 17. hxg5 g6 18. O-O-O b6 19. Qc3 b5 20. cxd5 cxd5 21. Rh4 Nb6 22.
Qc6+ Nd7 23. Bxb5 Qa7 24. Rxe4 dxe4 25. Ne5 Bxa3 26. Qxd7+ Qxd7 27. Bxd7+ Ke7
28. bxa3 Rd8 29. Kd2 1-0

[Event "Women's Speed Chess Q6"]
[Site "chess.com INT"]
[Date "2021.06.05"]
[Round "5"]
[White "Zaksaite, Salomeja"]
[Black "Von Herman, Brigitte"]
[Result "1-0"]
[WhiteTitle "WIM"]
[BlackTitle "WFM"]
[WhiteElo "2202"]
[BlackElo "1991"]
[WhiteFideId "12801496"]
[BlackFideId "4628730"]
[EventDate "2021.06.05"]

1. e4 e5 2. Nf3 Nc6 3. Bc4 Nf6 4. d3 Bc5 5. Nbd2 d6 6. c3 a6 7. Bb3 Ba7 8. h3 h6
9. Nf1 Ne7 10. g4 Ng6 11. Ng3 Be6 12. Nf5 O-O 13. O-O d5 14. Qe2 b5 15. g5 hxg5
16. Bxg5 dxe4 17. dxe4 Bxb3 18. axb3 Bb6 19. Rad1 Qe8 20. Bxf6 gxf6 21. Nh2 Rd8
22. Qh5 Rxd1 23. Qh6 1-0

[Event "Women's Speed Chess Q6"]
[Site "chess.com INT"]
[Date "2021.06.05"]
[Round "5"]
[White "Mammadova, Gulnar"]
[Black "Padmini, Rout"]
[Result "1-0"]
[WhiteTitle "IM"]
[BlackTitle "IM"]
[WhiteElo "2382"]
[BlackElo "2370"]
[WhiteFideId "13403508"]
[BlackFideId "5029295"]
[EventDate "2021.06.05"]

1. e4 e5 2. Nf3 Nc6 3. Bc4 Nf6 4. d3 Be7 5. O-O O-O 6. Re1 d6 7. a4 Be6 8. Nbd2
a6 9. c3 Qd7 10. Bxe6 fxe6 11. Nc4 b5 12. axb5 axb5 13. Rxa8 Rxa8 14. Ne3 b4 15.
Nc4 bxc3 16. bxc3 Na5 17. Nxa5 Rxa5 18. d4 exd4 19. cxd4 Qa4 20. Qd3 Nd7 21. e5
d5 22. Bg5 Bf8 23. Bd2 Ra6 24. Ng5 g6 25. Qf3 Nxe5 26. dxe5 Qd7 27. h4 c5 28.
Rb1 h6 29. Rb8 Qe7 30. Nh3 Kg7 31. Rxf8 1-0

[Event "Women's Speed Chess Q6"]
[Site "chess.com INT"]
[Date "2021.06.05"]
[Round "5"]
[White "Nanditha, V"]
[Black "Grineva, Marianna"]
[Result "1-0"]
[WhiteTitle "WCM"]
[BlackTitle "WFM"]
[WhiteElo "1666"]
[BlackElo "2029"]
[WhiteFideId "46626697"]
[BlackFideId "14102013"]
[EventDate "2021.06.05"]

1. e4 c5 2. Nf3 Nc6 3. Bb5 g5 4. Bxc6 dxc6 5. Nxg5 Nf6 6. e5 h6 7. Nxf7 Kxf7 8.
exf6 Qd5 9. f3 exf6 10. Nc3 Qg5 11. Qe2 Rg8 12. g3 Bd6 13. Ne4 Qe5 14. d4 Qxd4
15. Be3 Qxb2 16. Nxd6+ Kg7 17. Rd1 Be6 18. O-O Rad8 19. Bxh6+ Kxh6 20. Qxe6 Rgf8
21. Nf7+ Rxf7 22. Rxd8 Kg7 23. Qg4+ Kh6 24. Rh8+ Rh7 25. Qh4+ Kg6 1-0

[Event "Women's Speed Chess Q6"]
[Site "chess.com INT"]
[Date "2021.06.05"]
[Round "5"]
[White "Koridze, Lile"]
[Black "Luong, Phuong Hanh"]
[Result "0-1"]
[WhiteTitle "WFM"]
[BlackTitle "WIM"]
[WhiteElo "2016"]
[BlackElo "2229"]
[WhiteFideId "13612514"]
[BlackFideId "12401013"]
[EventDate "2021.06.05"]

1. d4 Nf6 2. c4 g6 3. Nc3 d5 4. Nf3 Bg7 5. Bg5 Ne4 6. cxd5 Nxg5 7. Nxg5 e6 8.
Qd2 exd5 9. Qe3+ Kf8 10. Qf4 Qd7 11. e4 h6 12. Nf3 g5 13. Qd2 dxe4 14. Nxe4 Qe7
15. Qe3 Nc6 16. Rd1 Bf5 17. Bd3 Qb4+ 18. Nc3 Re8 19. Ne5 Nxe5 20. O-O Nxd3 21.
Qf3 Nf4 22. Rfe1 Rxe1+ 23. Rxe1 Bxd4 24. Nd5 0-1

[Event "Women's Speed Chess Q6"]
[Site "chess.com INT"]
[Date "2021.06.05"]
[Round "5"]
[White "Antolak, Julia"]
[Black "Sliwicka, Alicja"]
[Result "1/2-1/2"]
[WhiteTitle "WIM"]
[BlackTitle "WIM"]
[WhiteElo "2309"]
[BlackElo "2308"]
[WhiteFideId "1159569"]
[BlackFideId "1150677"]
[EventDate "2021.06.05"]

1. e4 c5 2. Nf3 d6 3. Bb5+ Bd7 4. Bxd7+ Qxd7 5. c4 e5 6. O-O g6 7. Nc3 Bg7 8. a3
Nc6 9. d3 Nge7 10. Nd5 Nxd5 11. exd5 Nd4 12. Nxd4 cxd4 13. b4 O-O 14. Bd2 f5 15.
f3 Rae8 16. Rc1 b6 17. Qb3 Kh8 18. a4 h5 19. a5 Kh7 20. axb6 axb6 21. Ra1 Ra8
22. Qb2 Bh6 23. Bxh6 Kxh6 24. Rxa8 Rxa8 25. Ra1 Qb7 26. Ra3 Kg7 27. Qa2 Rxa3 28.
Qxa3 b5 29. c5 Qxd5 30. Qa7+ Kh6 31. Qb6 dxc5 32. bxc5 Qb3 33. h3 Qd1+ 34. Kh2
Qc1 35. c6 Qf4+ 36. Kg1 Qe3+ 37. Kh2 Qf4+ 38. Kg1 Qe3+ 39. Kh2 Qf4+ 1/2-1/2

[Event "Women's Speed Chess Q6"]
[Site "chess.com INT"]
[Date "2021.06.05"]
[Round "5"]
[White "Cori T., Deysi"]
[Black "Batsiashvili, Nino"]
[Result "1-0"]
[WhiteTitle "WGM"]
[BlackTitle "GM"]
[WhiteElo "2388"]
[BlackElo "2491"]
[WhiteFideId "3801934"]
[BlackFideId "13602993"]
[EventDate "2021.06.05"]

1. d4 f5 2. c4 Nf6 3. Nf3 g6 4. Nc3 Bg7 5. b4 O-O 6. Qb3 d6 7. h4 c5 8. bxc5
dxc5 9. e3 Nc6 10. d5 Na5 11. Qc2 b5 12. cxb5 c4 13. Bb2 Bb7 14. Rd1 Qd6 15. Be2
Rfd8 16. Ng5 Rd7 17. Ne6 Bh8 18. Nf4 Qb4 19. O-O Rad8 20. Bf3 Rd6 21. h5 g5 22.
Ne6 Nxd5 23. Nxd5 Rxe6 24. Qxf5 Qd6 25. Nxe7+ Qxe7 26. Rxd8+ Qxd8 27. Qxe6+ Kf8
28. Ba3+ Kg7 29. h6# 1-0